Differential geometry

Αποθηκεύτηκε σε:
Λεπτομέρειες βιβλιογραφικής εγγραφής
Κύριος συγγραφέας: Okubo, Tanjiro 1915-
Μορφή: Βιβλίο
Γλώσσα:English
Δημοσίευση: New York : M. Dekker, c1987
Σειρά:Monographs and textbooks in pure and applied mathematics ; ; 112
Θέματα:
Ετικέτες: Προσθήκη ετικέτας
Δεν υπάρχουν, Καταχωρήστε ετικέτα πρώτοι!

MARC

LEADER 00000cam a2200000 i 4500
001 1/52685
008 941103s1987 eng d
020 |a 082477700X 
035 |l 10044491 
035 |a 1993  |c ΧΑΤΖΗΣΑΒΒΑΣ 
040 |a GR-MY-UA  |b gre  |e aacr 
041 0 |a eng 
082 0 |a 516.36  |2 (19) 
100 1 |a Okubo, Tanjiro  |d 1915- 
245 1 0 |a Differential geometry /  |c Tanjiro Okubo 
260 |a New York :   |b M. Dekker,   |c c1987 
300 |a xviii, 788 p.;  |b ill.;  |c 24 cm 
490 1 |a Monographs and textbooks in pure and applied mathematics  |v ; 112 
504 |a Includes bibliographical references and index 
650 0 0 |a Geometry, Differential. 
830 0 |a Monographs and textbooks in pure and applied mathematics ;  |v ; 112 
852 |a INST  |b SAMOS  |e 19941103  |h 516.36 OKU  |p 005300003539  |q 005300003539  |t BK  |y 0 
909 |a Σ  |b 025626